| 000 | 00773nas a2200253 4500 | ||
|---|---|---|---|
| 001 | BR6007964 | ||
| 003 | BR-BrBNA | ||
| 005 | 20231205082043.0 | ||
| 007 | ta | ||
| 008 | 230509b bl.|||p| |||| 00| 00por d | ||
| 040 |
_aBR-BrBNA _bpor _cBiblioteca Nacional de Agricultura |
||
| 041 | _a(Pt) | ||
| 072 | _aH10 | ||
| 100 | 1 | _aSantos, J.H.R. dos | |
| 100 | 1 | _aWiendl, F.M. | |
| 100 | 1 | _aArthur, V. | |
| 245 | 1 | _aUso de hidrogenio durante a irradiacao para aumentar a esperanca de vida de adultos de Musca domestica (Linne)(Dip. muscidae) | |
| 650 | _aMOSCA | ||
| 650 | _aIRRADIACAO | ||
| 650 | _aHIDROGENIO | ||
| 773 | 0 |
_tCiencia Agronomica (Brazil) _x _g(Dec 1975), v. 5(1-2) p. 73-77 _wBR6007964 |
|
| 909 |
_a202311 _bLúcia _c55 _dLúcia Elande |
||
| 942 |
_2AGRIS _n0 _cANA |
||
| 999 |
_c88852 _d88852 |
||